<?xml version="1.0" encoding="UTF-8"?>
<marc:record xmlns:marc="http://www.loc.gov/MARC21/slim">
   <marc:leader>00000nam a2200000 a 4500</marc:leader>
   <marc:datafield ind1="1" ind2=" " tag="100">
      <marc:subfield code="a">Perschy, Jakob Michael</marc:subfield>
      <marc:subfield code="4">aut</marc:subfield>
      <marc:subfield code="e">Verfasser/-in</marc:subfield>
   </marc:datafield>
   <marc:datafield ind1="0" ind2="0" tag="245">
      <marc:subfield code="a">Die kleine Fledermaus-Buchhändlerin</marc:subfield>
   </marc:datafield>
   <marc:datafield ind1="0" ind2="0" tag="245">
      <marc:subfield code="b">Bilderbuch ab 3 Jahren</marc:subfield>
   </marc:datafield>
   <marc:datafield ind1=" " ind2="1" tag="264">
      <marc:subfield code="b">Betz</marc:subfield>
      <marc:subfield code="c">2009</marc:subfield>
   </marc:datafield>
   <marc:datafield ind1="1" ind2=" " tag="520">
      <marc:subfield code="a">Cölestine ist eine Fledermaus und Buchhändlerin. Sie hat so ein feines Näschen für den Buchgeschmack ihrer Kunden, dass sich diese bei der Lektüre gleich in die Helden der Geschichten verwandeln. Kein Wunder, dass in ihrem Laden immer viel los ist ...  Über den Autor Hans-Günther Döring, 1962 in Hermannsburg geboren, machte eine Ausbildung als Dekorateur und studierte danach Kommunikationsdesign in Hamburg. Seit 1991 arbeitete er als freier Illustrator für Kinderbuch-Verlage und das Fernsehen. Er unterrichtet außerdem Jugendliche und Erwachsene in figürlichem Zeichnen.</marc:subfield>
   </marc:datafield>
   <marc:datafield ind1=" " ind2=" " tag="020">
      <marc:subfield code="a">9783219113945</marc:subfield>
      <marc:subfield code="9">9783219113945</marc:subfield>
   </marc:datafield>
</marc:record>
